Statistics for Groups of Countries (by Cedo) #8

Click here to take the quiz!

General Stats

  • This quiz has been taken 543 times
    (505 since last reset)
  • The average score is 17 of 23

Answer Stats

HintAnswer% Correct
Baltic statesLatvia
95%
Baltic statesLithuania
95%
Horn of AfricaSomalia
95%
Baltic statesEstonia
94%
Horn of AfricaEthiopia
94%
Horn of AfricaEritrea
93%
Horn of AfricaDjibouti
92%
SCO (Shanghai Cooperation Organisation)China
91%
SCO (Shanghai Cooperation Organisation)Russia
77%
Five EyesUnited States
75%
Five EyesUnited Kingdom
73%
Five EyesCanada
70%
MercosurBrazil
68%
MercosurArgentina
66%
Five EyesAustralia
66%
MercosurParaguay
64%
MercosurUruguay
64%
MercosurVenezuela
62%
Five EyesNew Zealand
60%
SCO (Shanghai Cooperation Organisation)Kazakhstan
49%
SCO (Shanghai Cooperation Organisation)Kyrgyzstan
46%
SCO (Shanghai Cooperation Organisation)Uzbekistan
46%
SCO (Shanghai Cooperation Organisation)Tajikistan
45%

Score Distribution

Percentile by Number Answered

Percent of People with Each Score

Your Score History

You have not taken this quiz since the last reset